| Tag |
First Indicator |
Second Indicator |
Subfields |
| LEADER |
00000cam a2200000Ka 4500 |
| 001 |
in00004357821 |
| 005 |
20210728140514.0 |
| 006 |
m o d |
| 007 |
cr cn||||||||| |
| 008 |
110630s1976 enka ob 001 0 eng d |
| 015 |
|
|
|a GBB6G3630
|2 bnb
|
| 016 |
7 |
|
|a 018010831
|2 Uk
|
| 019 |
|
|
|a 1027286524
|a 1086535005
|a 1119427707
|
| 020 |
|
|
|a 1849732892
|q (electronic bk.)
|
| 020 |
|
|
|a 9781849732895
|q (electronic bk.)
|
| 035 |
|
|
|a (OCoLC)733766539
|z (OCoLC)1027286524
|z (OCoLC)1086535005
|z (OCoLC)1119427707
|
| 035 |
|
|
|a (OCoLC)ocn733766539
|
| 035 |
|
|
|a 6432560
|
| 037 |
|
|
|a T3421
|b Royal Society of Chemistry
|n http://www.rsc.org/spr
|
| 040 |
|
|
|a UKRSC
|b eng
|e pn
|c UKRSC
|d OCLCQ
|d N$T
|d OCLCF
|d OCLCO
|d YDXCP
|d OCLCQ
|d OCLCO
|d OCLCQ
|d OCLCA
|d VTS
|d NLE
|d UKMGB
|d STF
|d LEAUB
|d M8D
|d UKAHL
|d OCLCQ
|d AJS
|d UtOrBLW
|
| 049 |
|
|
|a TXAM
|
| 050 |
|
4 |
|a QD410
|b .O74 v. 5
|
| 072 |
|
7 |
|a SCI
|x 013040
|2 bisacsh
|
| 082 |
0 |
4 |
|a 547/.05/05
|2 22
|
| 245 |
0 |
0 |
|a Organometallic chemistry.
|n Vol. 5 :
|b a review of the literature published during 1975 /
|c senior reporters E.W. Abel, F.G.A. Stone.
|
| 264 |
|
1 |
|a London :
|b Chemical Society,
|c 1976.
|
| 300 |
|
|
|a 1 online resource (xviii, 520 pages) :
|b illustrations
|
| 336 |
|
|
|a text
|b txt
|2 rdacontent
|
| 337 |
|
|
|a computer
|b c
|2 rdamedia
|
| 338 |
|
|
|a online resource
|b cr
|2 rdacarrier
|
| 490 |
1 |
|
|a Specialist periodical reports / Chemical Society
|
| 500 |
|
|
|a Electronic resource.
|
| 504 |
|
|
|a Includes bibliographical references and index.
|
| 505 |
0 |
|
|a Front matter; Foreword; Contents; Abbreviations; Group I: The Alkali and Coinage Metals; Group II: The Alkaline Earths and Zinc and its Congeners; Group III: Boron; The Carbaboranes, including their metal complexes; Group III: Aliminium Gallium, indium and Thallium; Group IV: The Silicon Group; Arsenic, Antimony and Bismuth; Metal Carbonyls; Organometallic Compounds Containing Metal Metal Bonds; Ligand Substitution Reactions of Metal and Organometal Carbonyls with Group V and VI Donor Ligands; Carbene and Carbyne Complexes; Complexes Containing Metal-Carbon Bonds; Hydrocarbon-Metal pi-Complexes; n3-Allylic Metal Complexes; pi-Cyclopentadienyl,?-Arene, and Related Complexes; Oxidative Addition and Related Reactions; Homogeneous Catalysis by Transition-metal Complexes; Organometallic Compounds in Biological Chemistry; Diffraction Studies of Organometallic Compounds; Author Index
|
| 650 |
|
0 |
|a Organometallic compounds
|v Periodicals.
|0 http://id.loc.gov/authorities/subjects/sh2010104585
|
| 650 |
|
7 |
|a Organometallic compounds.
|2 fast
|0 (OCoLC)fst01047971
|
| 650 |
|
7 |
|a SCIENCE
|x Chemistry
|x Organic.
|2 bisacsh
|
| 655 |
|
7 |
|a Electronic books.
|2 local
|
| 655 |
|
7 |
|a Periodicals.
|2 fast
|0 (OCoLC)fst01411641
|
| 700 |
1 |
|
|a Abel, Edward W.
|0 http://id.loc.gov/authorities/names/n82062622
|
| 700 |
1 |
|
|a Stone, F. Gordon A.
|q (Francis Gordon Albert),
|d 1925-
|0 http://id.loc.gov/authorities/names/n82062621
|
| 776 |
0 |
8 |
|i Print version:
|t Organometallic chemistry. Vol. 5 : a review of the literature published during 1975.
|d London : Chemical Society, 1976
|x 0301-0074
|z 0851865410
|w (DLC) 72083459
|w (OCoLC)502309812
|
| 830 |
|
0 |
|a Specialist periodical reports (Chemical Society)
|
| 856 |
4 |
0 |
|u http://proxy.library.tamu.edu/login?url=https://dx.doi.org/10.1039/9781849732895
|z Connect to the full text of this electronic book
|t 0
|
| 955 |
|
|
|a RSC eBooks
|
| 994 |
|
|
|a 92
|b TXA
|
| 999 |
f |
f |
|s d07e4aa3-2cea-3985-9a01-4327d8a58bb5
|i f5bf10e3-8f16-3733-a9ea-280e2c202af4
|t 0
|
| 952 |
f |
f |
|a Texas A&M University
|b College Station
|c Electronic Resources
|d Available Online
|t 0
|e QD410 .O74 v. 5
|h Library of Congress classification
|
| 998 |
f |
f |
|a QD410 .O74 v. 5
|t 0
|l Available Online
|